| 000 | 01134nam a22003134i 4500 | ||
|---|---|---|---|
| 003 | URS | ||
| 005 | 20230323133326.0 | ||
| 008 | 221011t2019 ph a|||| b||| 00| 0 eng d | ||
| 020 | _a9786214270675 | ||
| 040 |
_aPATTS LIBRARY _beng _erda _cPATTS LIBRARY _dURS _eRDA |
||
| 050 | 1 | 4 |
_aHC 79.T4 _bP33 2019 |
| 100 | 1 |
_4aut _aPadilla-Juaneza, Jennifer |
|
| 245 | 1 | 0 |
_aIntroduction to technopreneurship / _cJennifer Padilla-Juaneza, MIT, Jake Rodriguez Pomperada, MAED-IT. |
| 264 | 1 |
_aManila : _bUnlimited Books Library Services & Publishing, _c[2019]. |
|
| 264 | 1 | _ccopyright 2019 | |
| 300 |
_axii, 92 pages : _billustrations ; _c24 cm |
||
| 336 |
_atext _brdacontent |
||
| 337 |
_aunmediated _brdamedia |
||
| 338 |
_avolume _brdacarrier |
||
| 500 | _a"OBE approach = Outcome-based education" - cover. | ||
| 500 | _aMissing pages 65,68, | ||
| 504 | _aIncludes bibliographical references. | ||
| 650 | 0 |
_aTechnological innovations _xEconomic aspects. |
|
| 650 | 0 |
_aTechnology _xEconomic aspects |
|
| 650 | 0 | _aNew business enterprises. | |
| 650 | 0 | _aEntrepreneurship. | |
| 700 | 1 |
_4aut _aPomperada, Jake Rodriguez |
|
| 942 |
_2lcc _cF |
||
| 999 |
_c69022 _d69022 |
||